|
|
|
|
| LEADER |
00000cam a2200000 a 4500 |
| 001 |
vtls008398819 |
| 003 |
SK-MaSNL |
| 005 |
20260301075601.0 |
| 008 |
200104s1948 xo 000 0 slo |
| 015 |
|
|
|a SNBA19451955-011522
|
| 035 |
|
|
|a SK01SNKBKSFS20010091036
|
| 035 |
|
|
|a urn:nbn:sk:snk-am3hevs
|
| 035 |
|
|
|a 9FACEFCF-1F2E-4014-9E52-474250DFD15E
|
| 035 |
|
|
|a urn:nbn:sk:snk-am00cxvs
|
| 035 |
|
|
|a SKM000093499
|
| 040 |
|
|
|a SNK
|b slo
|c SNK
|e AACR2
|
| 041 |
0 |
|
|a slo
|
| 043 |
|
|
|a e-xo---
|
| 044 |
|
|
|a xo
|c SK
|
| 072 |
|
7 |
|a 061.2
|x Nevládne organizácie a kooperácia
|2 konspekt
|
| 080 |
|
|
|a 061.2
|2 2011
|
| 080 |
|
|
|a (062.13)
|2 2011
|
| 080 |
|
|
|a 267
|2 1981
|
| 245 |
0 |
0 |
|a Stanovy Spolku sv. Vojtecha
|
| 260 |
|
|
|a [Trnava]
|b Spolok sv. Vojtecha
|c [1948]
|e Trnava
|f Spolok Sv. Vojtecha
|
| 300 |
|
|
|a 17, [3] s.
|c 8°
|
| 500 |
|
|
|a Ob. tit.
|
| 610 |
2 |
7 |
|a Spolok sv. Vojtecha (Trnava, Slovensko)
|2 SNKKA
|9 34261
|
| 650 |
0 |
7 |
|a spolky
|2 SNKPH
|9 4725
|
| 650 |
0 |
7 |
|a Associations
|2 SNKPHeng
|9 266329
|
| 655 |
|
7 |
|a stanovy
|2 SNKPH
|9 70547
|
| 655 |
|
7 |
|a Statutes
|2 SNKPHeng
|9 343296
|
| 958 |
|
|
|a ONDV
|
| 958 |
|
|
|a NT
|
| 958 |
|
|
|a TL
|
| 999 |
|
|
|c 650698
|d 652628
|
| 952 |
|
|
|a SNK
|b SNK
|y PREZ
|7 0
|p 17A0732586
|o snkSE 765/8
|i snk4211/48
|8 5
|0 0
|1 0
|4 0
|d 2017-08-02
|f 1
|l 0
|r 2026-02-23 18:21:25
|w 2026-02-23
|
| 952 |
|
|
|a SNK
|b SNK
|y VYP
|7 0
|p 17A1188495
|o snkSE 765/8 D1
|i snkKSF 2940/57
|8 5
|0 0
|1 0
|4 0
|d 2017-09-28
|l 0
|r 2026-02-23 18:21:25
|w 2026-02-23
|